An introduction to ordinary differential equations /
Guardado en:
| Autor Principal: | |
|---|---|
| Formato: | Libro |
| Idioma: | English |
| Publicado: |
Englewood Cliffs, N.J. :
Prentice-Hall,
c1961.
|
| Series: | Prentice-Hall mathematics series
|
| Materias: | |
| Etiquetas: |
Agregar Etiqueta
Sin Etiquetas, Sea el primero en etiquetar este registro!
|
| LEADER | 01090nam a22002175a 4500 | ||
|---|---|---|---|
| 001 | MAT.inmabb005182 | ||
| 008 | 840711s1961####nju######b####001#0#eng## | ||
| 005 | 20130323070116.0 | ||
| 245 | 1 | 3 | |a An introduction to ordinary differential equations / |c Earl A. Coddington. |
| 260 | |a Englewood Cliffs, N.J. : |b Prentice-Hall, |c c1961. | ||
| 300 | |a xi, 292 p. ; |c 24 cm. | ||
| 440 | 0 | |a Prentice-Hall mathematics series | |
| 504 | |a Incluye referencias bibliográficas (p. 263). | ||
| 505 | 0 | |a 0. Preliminaries -- 1. Introduction: Linear equations of the first order -- 2. Linear equations with constant coefficients -- 3. Linear equations with variable coefficients -- 4. Linear equations with regular singular points -- 5. Existence and uniqueness of solutions to first order equations -- 6. Existence and uniqueness of solutions to systems and n-th order equations. | |
| 510 | 4 | |a MR, |c 23 #A3869 | |
| 100 | 1 | |a Coddington, Earl A., |d 1920- | |
| 650 | 0 | |a Differential equations. | |
| 084 | |a 34-01 |2 msc2000 | ||
| 010 | |a 61015333 | ||
| 040 | |a DLC/ICU |c ICU |d DLC | ||
| 859 | |h 34 |i C669 |p A-2699 |b BIB. MATEMATICA | ||
